|
|
|
|
| LEADER |
01229nam a22003252a 4500 |
| 001 |
001406980 |
| 003 |
CZ BrMZK |
| 005 |
20140911130528.0 |
| 007 |
ta |
| 008 |
140725s1960 xr af er|||||||||||cze d |
| 015 |
|
|
|a cnb000515428
|
| 035 |
|
|
|a (OCoLC)85328045
|
| 040 |
|
|
|a ABA001
|b cze
|c HKA001
|d BOA001
|
| 080 |
9 |
|
|a 77.01:681.617/.618(021)
|
| 100 |
1 |
|
|a Richter, František
|7 jx20050530016
|4 aut
|
| 245 |
1 |
0 |
|a Chemigrafie /
|c František Richter
|
| 250 |
|
|
|a 1. vyd.
|
| 260 |
|
|
|a Praha :
|b Státní nakladatelství technické literatury,
|c 1960
|
| 300 |
|
|
|a 310 s.,obr. příl. :
|b il.
|
| 490 |
1 |
|
|a Řada polygrafické literatury
|
| 500 |
|
|
|a 900 výt.
|
| 504 |
|
|
|a Obsahuje bibliografii
|
| 521 |
8 |
|
|a Určeno pracovníkům v polygrafii, především chemigrafům, k výchově polygrafického dorostu
|
| 500 |
|
|
|a Dostupné též v digitální podobě v aplikaci Kramerius
|
| 830 |
|
0 |
|a Řada polygrafické literatury
|0 s
|
| 856 |
4 |
1 |
|u http://www.digitalniknihovna.cz/mzk/uuid/uuid:3390e7e0-c01c-11e5-b5dc-005056827e51
|y Digitalizovaný dokument
|x NDK
|
| 910 |
|
|
|a BOA001
|b 2-0430.824
|
| 990 |
|
|
|a BK
|
| 991 |
|
|
|b 201407
|
| 996 |
6 |
|
|b 2619101997
|c 2-0430.824
|l MZK
|r Sklad / do 24 hodin
|n 0
|w 001442191
|u 000010
|a 1
|e BOA001
|j MZK50
|s P
|